[Event "63 Argentino Superior Femenino 2010"]
[Site "Buenos Aires"]
[Date "2010.07.05"]
[Round "1.1"]
[White "Amed, Stephanie"]
[Black "Martyniuk, Carolina Milka"]
[Result "1/2-1/2"]
[WhiteElo "2208"]
[BlackElo "1986"]
[PlyCount "106"]
[EventDate "2010.07.05"]

1. e4 g6 2. d4 c6 3. f4 d5 4. e5 Bg7 5. Be2 h5 6. Nc3 Nh6 7. Be3 Bg4 8. Nf3
Bxf3 9. Bxf3 e6 10. Bf2 Nd7 11. Qe2 a6 12. a4 b5 13. O-O O-O 14. a5 Qe7 15. Qd2
Nf5 16. Na2 c5 17. dxc5 Nxc5 18. Nb4 Rfc8 19. Qe1 Qd8 20. g3 Ne7 21. h3 Bf8 22.
Rd1 Nc6 23. Nxc6 Rxc6 24. g4 hxg4 25. hxg4 Qc7 26. Kg2 Re8 27. Bg3 Ne4 28. Bxe4
dxe4 29. c3 b4 30. Qxe4 bxc3 31. bxc3 Rxc3 32. Rf3 Qxa5 33. Be1 Qa2+ 34. Rd2
Qc4 35. Rd4 Rc2+ 36. Bf2 Qe2 37. Qb7 Bc5 38. Qd7 Rf8 39. f5 Bxd4 40. Qxd4 exf5
41. gxf5 Rc4 42. Qd5 Rg4+ 43. Kh3 gxf5 44. Rxf5 Rg6 45. Bg3 Rh6+ 46. Bh4 Qe3+
47. Rf3 Rxh4+ 48. Kxh4 Qh6+ 49. Kg3 Kh8 50. Kf2 Qh4+ 51. Ke3 Rc8 52. Qd4 Qxd4+
53. Kxd4 Kg7 1/2-1/2

[Event "63 Argentino Superior Femenino 2010"]
[Site "Buenos Aires"]
[Date "2010.07.05"]
[Round "1.2"]
[White "Benedetti, Antonella"]
[Black "Zuriel, Marisa"]
[Result "1-0"]
[WhiteElo "1950"]
[BlackElo "2205"]
[PlyCount "111"]
[EventDate "2010.07.05"]

1. e4 c5 2. Nc3 a6 3. f4 b5 4. Nf3 Bb7 5. d3 e6 6. Be2 d5 7. exd5 exd5 8. O-O
Be7 9. d4 Nf6 10. Kh1 O-O 11. Be3 b4 12. Nb1 cxd4 13. Nxd4 Re8 14. c3 Bf8 15.
Bg1 Nc6 16. Nd2 bxc3 17. bxc3 Ne4 18. Nxe4 dxe4 19. Be3 Ne7 20. c4 Qc7 21. Qe1
Nc6 22. Nf5 Bc8 23. Ng3 f5 24. Rb1 Rb8 25. Nh5 Nb4 26. Qg3 Kh8 27. Bd4 Re6 28.
Be5 Rxe5 29. fxe5 g6 30. Nf6 Bg7 31. Qh4 h6 32. Ne8 Qxe5 33. Nxg7 Kxg7 34. a3
Nc6 35. Rxb8 Qxb8 36. Qf2 Be6 37. Qc5 Qb2 38. Bd1 Ne5 39. Rf2 Qc3 40. Rf1 Bf7
41. Be2 Nd3 42. Bxd3 exd3 43. Qe3 Qxc4 44. Rd1 Qe6 45. Qxd3 h5 46. Qc3+ Kg8 47.
Re1 Qc4 48. Qe5 Qb5 49. Qf6 Qa5 50. Qe7 Qd5 51. h3 Qd2 52. Re2 Qd5 53. Qe3 Qd1+
54. Re1 Qd6 55. Qc3 Qb6 56. Rd1 1-0

[Event "63 Argentino Superior Femenino 2010"]
[Site "Buenos Aires"]
[Date "2010.07.05"]
[Round "1.3"]
[White "Plazaola, Maria De Los Angeles"]
[Black "Martinez De Negri, M  Agustina"]
[Result "1-0"]
[WhiteElo "2185"]
[BlackElo "1895"]
[PlyCount "45"]
[EventDate "2010.07.05"]

1. e4 e5 2. Nf3 Nc6 3. d4 exd4 4. Nxd4 Bc5 5. Be3 Qf6 6. c3 a6 7. Bc4 Nge7 8.
O-O d6 9. Na3 Ne5 10. Be2 b5 11. f4 N5g6 12. Bf3 Rb8 13. Qd2 h5 14. Rae1 Bg4
15. f5 Nf8 16. Bg5 Qe5 17. Kh1 Nd7 18. b4 Bb6 19. Bxe7 Bxd4 20. cxd4 Qxe7 21.
e5 O-O 22. Bxg4 hxg4 23. f6 1-0

[Event "63 Argentino Superior Femenino 2010"]
[Site "Buenos Aires"]
[Date "2010.07.05"]
[Round "1.4"]
[White "Parma, Pamela"]
[Black "Justo, Virginia"]
[Result "0-1"]
[WhiteElo "1874"]
[BlackElo "2110"]
[PlyCount "96"]
[EventDate "2010.07.05"]

1. d4 Nf6 2. Nf3 g6 3. Bf4 Bg7 4. e3 d5 5. Nbd2 O-O 6. Be2 c5 7. c3 b6 8. O-O
Bb7 9. h4 Nc6 10. Qc2 Rc8 11. Ne5 cxd4 12. Nxc6 Bxc6 13. exd4 Qd7 14. Nf3 Ng4
15. Qd2 Bb5 16. Rfe1 Bxe2 17. Rxe2 h5 18. Rae1 e6 19. Ne5 Nxe5 20. dxe5 Qe7 21.
Bg5 Qc5 22. Bf6 Qc4 23. Qg5 Qg4 24. Re3 Qxg5 25. Bxg5 Rc4 26. b3 Rc6 27. Rf3
Rfc8 28. Ree3 b5 29. Be7 Ra6 30. Re2 Bf8 31. Bg5 Rac6 32. Bd2 Be7 33. g3 Bd8
34. Ree3 Ra6 35. Rd3 Rxa2 36. Be3 a5 37. Rf4 Rc2 38. Bd2 Bb6 39. g4 hxg4 40.
Rxg4 Kh7 41. h5 Rg8 42. hxg6+ Rxg6 43. Rh3+ Kg8 44. Rxg6+ fxg6 45. Rd3 a4 46.
bxa4 bxa4 47. Be3 Bxe3 48. fxe3 a3 0-1

[Event "63 Argentino Superior Femenino 2010"]
[Site "Buenos Aires"]
[Date "2010.07.05"]
[Round "1.5"]
[White "Fernandez, Maria Florencia"]
[Black "Sanseverino, Victoria"]
[Result "1-0"]
[WhiteElo "2106"]
[BlackElo "1766"]
[PlyCount "65"]
[EventDate "2010.07.05"]

1. d4 Nf6 2. c4 g6 3. Nc3 Bg7 4. e4 d6 5. f3 O-O 6. Be3 c6 7. Qd2 e5 8. d5 cxd5
9. cxd5 a6 10. a4 Qa5 11. Bd3 b5 12. b4 Qc7 13. axb5 Bb7 14. Nge2 Nfd7 15. Rc1
Rc8 16. O-O Qd8 17. Na4 axb5 18. Bxb5 Ba6 19. Rxc8 Qxc8 20. Rc1 Qd8 21. Qd3 Bf6
22. Bf2 Bg5 23. Rc2 Bxb5 24. Qxb5 Na6 25. g3 Nc7 26. Qb7 Na6 27. Rc6 Nab8 28.
Qxa8 Nxc6 29. Qxc6 Qf6 30. Kg2 Qe7 31. b5 f5 32. b6 fxe4 33. fxe4 1-0

[Event "63 Argentino Superior Femenino 2010"]
[Site "Buenos Aires"]
[Date "2010.07.05"]
[Round "1.6"]
[White "Zalimben, Maria Luz"]
[Black "Malajovich, Sandra"]
[Result "0-1"]
[WhiteElo "1673"]
[BlackElo "2098"]
[PlyCount "106"]
[EventDate "2010.07.05"]

1. d4 d5 2. c4 Nf6 3. Nc3 g6 4. g3 Bg7 5. Bg2 c6 6. cxd5 cxd5 7. Nf3 O-O 8. O-O
Nc6 9. Bf4 Ne4 10. Rc1 Qa5 11. a3 Bf5 12. Be3 Nxc3 13. Rxc3 Be4 14. Qd2 e6 15.
Rd1 Qa4 16. Ng5 Bxg2 17. Kxg2 Na5 18. Qc2 Qxc2 19. Rxc2 Rac8 20. Rc3 Rxc3 21.
bxc3 Rc8 22. Bd2 Nc4 23. Bc1 Rc6 24. Nf3 Ra6 25. Nd2 Nxa3 26. Nb3 Nc4 27. Nc5
Rb6 28. Bf4 Rb2 29. e4 dxe4 30. Nxe4 h6 31. h4 Kf8 32. Ra1 a6 33. Bc7 Ke7 34.
Nc5 Ne3+ 35. Kg1 Nd5 36. Be5 Bxe5 37. dxe5 Nxc3 38. Ra3 Nd5 39. Kf1 f5 40. Nd3
Rb5 41. Ra4 Kd7 42. Rc4 b6 43. g4 a5 44. g5 h5 45. Ke2 a4 46. Kd2 a3 47. Rc1 a2
48. Ra1 Ra5 49. Kc2 Ra3 50. Nc1 Nb4+ 51. Kb2 Rf3 52. Nxa2 Rxf2+ 53. Kb3 Nxa2
0-1

[Event "63 Argentino Superior Femenino 2010"]
[Site "Buenos Aires"]
[Date "2010.07.05"]
[Round "1.7"]
[White "Nejanky, Maisa"]
[Black "Denon, Nicole"]
[Result "1-0"]
[WhiteElo "2057"]
[BlackElo "1671"]
[PlyCount "121"]
[EventDate "2010.07.05"]

1. e4 e5 2. Nf3 Nc6 3. d4 exd4 4. Nxd4 Qh4 5. Nc3 Bb4 6. Ndb5 Qxe4+ 7. Be3 Qe5
8. Be2 Ba5 9. Qd2 d6 10. O-O Nf6 11. Bf4 Qe7 12. Rfe1 Be6 13. Bf3 O-O 14. a3
Qd7 15. b4 Bb6 16. Be3 Bxe3 17. Rxe3 Ne5 18. Be2 a6 19. Nd4 Bc4 20. Rg3 Bxe2
21. Ndxe2 Ng6 22. Rb1 Qc6 23. Nd4 Qe4 24. f4 Nh5 25. Rf3 Nhxf4 26. Na4 Ne6 27.
Nf5 Rfe8 28. Nb2 Qc6 29. c4 Rad8 30. h4 f6 31. h5 Ne5 32. Rc3 Ng5 33. Qd5+ Qxd5
34. cxd5 Rd7 35. Rbc1 c6 36. dxc6 bxc6 37. Nd4 Ne4 38. Re3 Ng4 39. Re2 c5 40.
bxc5 dxc5 41. Nb3 Re5 42. Rxe4 Rxe4 43. Nxc5 Rc7 44. Nbd3 Ree7 45. Kf1 a5 46.
Rb1 Re8 47. Rb5 Ra7 48. a4 Kf7 49. Nb7 Re3 50. Ndc5 Re5 51. Nd6+ Ke7 52. Nc8+
Kd8 53. Nxa7 Ne3+ 54. Kf2 Nd1+ 55. Kf3 Re3+ 56. Kf4 g5+ 57. Kf5 Ke7 58. Rb7+
Kd6 59. Ne4+ Kd5 60. Rd7+ Kc4 61. Rxd1 1-0

[Event "63 Argentino Superior Femenino 2010"]
[Site "Buenos Aires"]
[Date "2010.07.05"]
[Round "1.8"]
[White "Martinez, Luciana"]
[Black "Maggiolo, Elisa"]
[Result "0-1"]
[WhiteElo "1502"]
[BlackElo "2052"]
[PlyCount "86"]
[EventDate "2010.07.05"]

1. e4 c5 2. Nf3 Nc6 3. Bc4 g6 4. Nc3 Bg7 5. d3 e6 6. Be3 b6 7. d4 Na5 8. Be2 c4
9. Nb5 d6 10. Bf4 Nb7 11. Bxc4 Ne7 12. O-O O-O 13. Qd2 a6 14. Nc3 b5 15. Bd3
Bd7 16. Bh6 Rc8 17. Bxg7 Kxg7 18. a3 Na5 19. Qf4 Bc6 20. e5 Bxf3 21. Qf6+ Kg8
22. gxf3 d5 23. Kh1 Nc4 24. b3 Nd2 25. Rfd1 Nxb3 26. cxb3 Rxc3 27. b4 Nf5 28.
Qxd8 Rxd8 29. Bxf5 exf5 30. Kg2 Rc4 31. Rac1 Rdc8 32. Rxc4 Rxc4 33. Rd3 g5 34.
Kg3 Rc1 35. f4 Rg1+ 36. Kf3 g4+ 37. Ke2 Rh1 38. h3 gxh3 39. Rg3+ Kf8 40. f3 h5
41. Kf2 h4 42. Rg1 Rh2+ 43. Kf1 Ra2 0-1

[Event "63 Argentino Superior Femenino 2010"]
[Site "Buenos Aires"]
[Date "2010.07.06"]
[Round "2.1"]
[White "Nejanky, Maisa"]
[Black "Plazaola, Maria De Los Angeles"]
[Result "1/2-1/2"]
[WhiteElo "2057"]
[BlackElo "2185"]
[PlyCount "75"]
[EventDate "2010.07.05"]

1. e4 c5 2. Nf3 Nc6 3. d4 cxd4 4. Nxd4 e5 5. Nb5 d6 6. N1c3 a6 7. Na3 Be6 8.
Nc4 Rc8 9. Ne3 Nf6 10. Bd3 Nb4 11. O-O d5 12. exd5 Nbxd5 13. Ncxd5 Nxd5 14. Be4
Nxe3 15. Qxd8+ Rxd8 16. Bxe3 Bd5 17. Bxd5 Rxd5 18. c4 Rd7 19. Rfd1 Bd6 20. c5
Bb8 21. Rdc1 Rc7 22. b4 Ke7 23. a4 Rhc8 24. b5 f5 25. g3 h6 26. h4 Ke6 27. h5
Rd7 28. f4 g6 29. hxg6 Rg7 30. Rab1 a5 31. c6 exf4 32. gxf4 Rxg6+ 33. Kf2 bxc6
34. Rxc6+ Rxc6 35. bxc6 Bc7 36. Bb6 Kd6 37. Bxc7+ Kxc7 38. Rb5 1/2-1/2

[Event "63 Argentino Superior Femenino 2010"]
[Site "Buenos Aires"]
[Date "2010.07.06"]
[Round "2.2"]
[White "Justo, Virginia"]
[Black "Martinez, Ayelen"]
[Result "1-0"]
[WhiteElo "2110"]
[BlackElo "2010"]
[PlyCount "109"]
[EventDate "2010.07.05"]

1. e4 d5 2. exd5 Qxd5 3. Nc3 Qd6 4. d4 Nf6 5. Nf3 a6 6. Be2 Nc6 7. O-O b5 8. a3
e6 9. Bg5 Bb7 10. Qd2 O-O-O 11. Rfd1 h6 12. Bf4 Qe7 13. Qe1 g5 14. Be5 Rg8 15.
Bxf6 Qxf6 16. d5 exd5 17. Nxd5 Qxb2 18. c4 g4 19. Nh4 Nd4 20. Rd2 Nc2 21. Rb1
Nxe1 22. Rdxb2 Bxa3 23. Rb3 Nc2 24. Bd3 Bxd5 25. cxd5 Bc5 26. Bxc2 Rxd5 27.
Bf5+ Kb8 28. Rd3 Re5 29. g3 Be7 30. Bd7 Bxh4 31. gxh4 Kb7 32. Rd4 h5 33. Rf4
Rf8 34. Rc1 f5 35. Bc6+ Kb6 36. f3 Rd8 37. fxg4 hxg4 38. Bg2 c5 39. Rcf1 a5 40.
Rxf5 Rxf5 41. Rxf5 a4 42. h5 a3 43. Rf6+ Ka5 44. Rf7 Kb4 45. Ra7 Kb3 46. h6 Kb2
47. h7 Rh8 48. Bd5 b4 49. Bg8 b3 50. Rb7 a2 51. Rxb3+ Kc2 52. Ra3 c4 53. Rxa2+
Kd3 54. Kf2 c3 55. Kg3 1-0

[Event "63 Argentino Superior Femenino 2010"]
[Site "Buenos Aires"]
[Date "2010.07.06"]
[Round "2.3"]
[White "Maggiolo, Elisa"]
[Black "Fernandez, Maria Florencia"]
[Result "1/2-1/2"]
[WhiteElo "2052"]
[BlackElo "2106"]
[PlyCount "87"]
[EventDate "2010.07.05"]

1. e4 g6 2. d4 Bg7 3. Nc3 d6 4. Nf3 Nf6 5. Bg5 c6 6. Qe2 O-O 7. O-O-O Re8 8. a3
Qa5 9. Kb1 a6 10. e5 dxe5 11. dxe5 Nd5 12. Nxd5 cxd5 13. Qe3 Nc6 14. Bh6 Bf5
15. Bd3 Bg4 16. h4 d4 17. Qf4 Bxf3 18. gxf3 Qxe5 19. Qd2 Qh5 20. Bxg7 Kxg7 21.
f4 e5 22. Rdg1 Qf3 23. fxe5 Rxe5 24. Rh2 Rae8 25. Rg3 Re1+ 26. Ka2 Qd1 27. Qxd1
Rxd1 28. h5 Rd8 29. hxg6 hxg6 30. Kb3 Ne5 31. Rh4 Nc6 32. Kc4 Re8 33. b4 b5+
34. Kb3 Rb1+ 35. Ka2 Ree1 36. c4 Ra1+ 37. Kb3 bxc4+ 38. Bxc4 Reb1+ 39. Kc2 Rc1+
40. Kb2 Rab1+ 41. Ka2 Ra1+ 42. Kb2 Rcb1+ 43. Kc2 Rc1+ 44. Kb2 1/2-1/2

[Event "63 Argentino Superior Femenino 2010"]
[Site "Buenos Aires"]
[Date "2010.07.06"]
[Round "2.5"]
[White "Martyniuk, Carolina Milka"]
[Black "Benedetti, Antonella"]
[Result "1/2-1/2"]
[WhiteElo "1986"]
[BlackElo "1950"]
[PlyCount "82"]
[EventDate "2010.07.05"]

1. b4 e5 2. Bb2 d6 3. e3 Be7 4. c4 c6 5. Nf3 f5 6. c5 Nf6 7. cxd6 Qxd6 8. Nxe5
Qxb4 9. Qc2 Be6 10. Bc4 Qd6 11. Bxe6 Qxe6 12. O-O O-O 13. d4 Na6 14. Qe2 Nc7
15. Nd2 c5 16. Rfc1 b6 17. Ndf3 Ne4 18. a4 Bd6 19. Qc4 Rac8 20. Rc2 Nd5 21. a5
cxd4 22. Qb3 Rxc2 23. Qxc2 Bxe5 24. Nxe5 Qxe5 25. Bxd4 Qc7 26. Qb3 Qf7 27. axb6
axb6 28. f3 Nc5 29. Qb5 Qd7 30. Qc4 Qf7 31. Qb5 Kh8 32. Ra3 Qd7 33. Qb2 Ne6 34.
Be5 f4 35. Qa1 Nxe3 36. Ra7 Qd1+ 37. Qxd1 Nxd1 38. Re7 Kg8 39. Rxe6 Ne3 40. Re7
Rf7 41. Re8+ Rf8 1/2-1/2

[Event "63 Argentino Superior Femenino 2010"]
[Site "Buenos Aires"]
[Date "2010.07.06"]
[Round "2.7"]
[White "Martinez De Negri, M  Agustina"]
[Black "Zalimben, Maria Luz"]
[Result "1-0"]
[WhiteElo "1895"]
[BlackElo "1673"]
[PlyCount "117"]
[EventDate "2010.07.05"]

1. e4 e6 2. d4 d5 3. Nc3 Nf6 4. exd5 exd5 5. Bd3 Bd6 6. Nf3 Bg4 7. O-O O-O 8.
h3 Bh5 9. Nb5 Be7 10. Bf4 Na6 11. Be2 c6 12. Nc3 Nc7 13. Ne5 Bxe2 14. Nxe2 Ne6
15. Bh2 Nd7 16. f4 f6 17. Nxd7 Qxd7 18. f5 Ng5 19. Qd3 Bd6 20. Bxd6 Qxd6 21.
Ng3 Rfe8 22. c3 Re7 23. Rae1 Rae8 24. Re2 c5 25. Rxe7 Qxe7 26. dxc5 Qxc5+ 27.
Qd4 Qxd4+ 28. cxd4 Re3 29. Kh2 Rd3 30. Rc1 Rxd4 31. Rc8+ Kf7 32. Rc7+ Kf8 33.
Rxb7 Ra4 34. a3 Ne4 35. Nxe4 dxe4 36. Kg3 a6 37. Kf4 g5+ 38. Ke3 h5 39. g4 h4
40. Rc7 Ke8 41. Rc6 Kf7 42. Rc3 Ke7 43. b4 Kd6 44. Kxe4 a5 45. Rb3 axb4 46.
axb4 Kc6 47. Kd4 Ra7 48. b5+ Kb6 49. Kd5 Re7 50. Kd4 Rd7+ 51. Kc4 Rc7+ 52. Kb4
Rc5 53. Re3 Rxb5+ 54. Kc4 Rc5+ 55. Kd4 Rc6 56. Kd5 Rc5+ 57. Kd6 Rc6+ 58. Kd7
Kb5 59. Rb3+ 1-0

[Event "63 Argentino Superior Femenino 2010"]
[Site "Buenos Aires"]
[Date "2010.07.06"]
[Round "2.8"]
[White "Denon, Nicole"]
[Black "Parma, Pamela"]
[Result "0-1"]
[WhiteElo "1671"]
[BlackElo "1874"]
[PlyCount "46"]
[EventDate "2010.07.05"]

1. e4 e5 2. Nf3 d5 3. exd5 e4 4. Qe2 Nf6 5. Nc3 Be7 6. Nxe4 O-O 7. d3 Nxd5 8.
Be3 f5 9. Nc5 b6 10. Nb3 Bb4+ 11. Nbd2 Re8 12. g3 Bc3 13. O-O-O Qe7 14. Nb3 a5
15. Nbd4 Qb4 16. Nb3 a4 17. bxc3 Nxc3 18. Qd2 axb3 19. cxb3 Rxa2 20. Qxa2 Nxa2+
21. Kb2 Qc3+ 22. Ka3 Be6 23. Nd4 Nc6 0-1

[Event "63 Argentino Superior Femenino 2010"]
[Site "Buenos Aires"]
[Date "2010.07.06"]
[Round "2.9"]
[White "Sanseverino, Victoria"]
[Black "Martinez, Luciana"]
[Result "1-0"]
[WhiteElo "1766"]
[BlackElo "1502"]
[PlyCount "77"]
[EventDate "2010.07.05"]

1. e4 e5 2. Nf3 Nc6 3. Bb5 Nf6 4. O-O Nxe4 5. Re1 Nd6 6. Nxe5 Nxe5 7. Rxe5+ Be7
8. Qe2 Nxb5 9. Qxb5 O-O 10. d4 Bf6 11. Bg5 h6 12. Bxf6 Qxf6 13. Nc3 c6 14. Qb4
d5 15. Rae1 Bf5 16. Qe7 Bxc2 17. b3 Qxe7 18. Rxe7 Rab8 19. Na4 b5 20. Nc5 Bf5
21. Rxa7 Ra8 22. Rxa8 Rxa8 23. a4 bxa4 24. bxa4 Bc2 25. g3 Ra5 26. f3 f6 27. h4
Kf7 28. Kf2 Bf5 29. h5 Bc8 30. Rb1 Bf5 31. Rb7+ Kg8 32. g4 Bc2 33. Rb2 Bxa4 34.
Ra2 Rxc5 35. dxc5 Bb5 36. Ke3 Kh7 37. Rb2 Kg8 38. Rxb5 cxb5 39. c6 1-0

[Event "63 Argentino Superior Femenino 2010"]
[Site "Buenos Aires"]
[Date "2010.07.07"]
[Round "3.1"]
[White "Malajovich, Sandra"]
[Black "Justo, Virginia"]
[Result "0-1"]
[WhiteElo "2098"]
[BlackElo "2110"]
[PlyCount "60"]
[EventDate "2010.07.05"]

1. d4 d5 2. c4 e6 3. cxd5 exd5 4. Nf3 Nf6 5. Nc3 Be7 6. Bg5 O-O 7. e3 c6 8.
Bxf6 Bxf6 9. Qc2 Re8 10. Bd3 h6 11. O-O Bg4 12. Nd2 Nd7 13. Rab1 Nf8 14. Na4
Qd6 15. Rfc1 Bd8 16. Nf1 Bc7 17. b4 Re7 18. b5 cxb5 19. Rxb5 Rb8 20. Nc5 Bb6
21. Na4 Rc8 22. Qb2 Rxc1 23. Qxc1 Rc7 24. Qb1 Bd7 25. Rxb6 axb6 26. Qxb6 Qxb6
27. Nxb6 Be6 28. h3 Rc3 29. Bb1 Ra3 30. Nd2 Ra6 0-1

[Event "63 Argentino Superior Femenino 2010"]
[Site "Buenos Aires"]
[Date "2010.07.07"]
[Round "3.2"]
[White "Plazaola, Maria De Los Angeles"]
[Black "Maggiolo, Elisa"]
[Result "1-0"]
[WhiteElo "2185"]
[BlackElo "2052"]
[PlyCount "98"]
[EventDate "2010.07.05"]

1. e4 c5 2. d4 cxd4 3. c3 d3 4. Bxd3 d6 5. Nf3 g6 6. c4 Bg7 7. Nc3 Nf6 8. O-O
O-O 9. h3 Nc6 10. Be3 Nd7 11. Rc1 Nde5 12. Be2 Nxf3+ 13. Bxf3 Be6 14. b3 Qa5
15. Qd2 Rfc8 16. Rfe1 h5 17. Nd5 Qxd2 18. Bxd2 Kf8 19. Be2 Nd4 20. Bd3 Rab8 21.
Be3 b6 22. Kf1 a6 23. f4 Ke8 24. Bf2 Kd7 25. e5 Bxd5 26. Bxd4 Be6 27. Bf2 Bh6
28. Be3 dxe5 29. f5 Bxf5 30. Bxf5+ gxf5 31. Bxh6 Ke6 32. Be3 Kf6 33. Rcd1 f4
34. Bf2 Kf5 35. Rd5 f6 36. Rd7 e6 37. Rd6 b5 38. c5 e4 39. Rc1 a5 40. c6 e3 41.
Be1 b4 42. Rc5+ e5 43. Bh4 a4 44. Rxf6+ Ke4 45. Re6 Rf8 46. Ke2 axb3 47. axb3
Ra8 48. Rc2 Rf7 49. c7 Rc8 1-0

[Event "63 Argentino Superior Femenino 2010"]
[Site "Buenos Aires"]
[Date "2010.07.07"]
[Round "3.3"]
[White "Benedetti, Antonella"]
[Black "Nejanky, Maisa"]
[Result "0-1"]
[WhiteElo "1950"]
[BlackElo "2057"]
[PlyCount "68"]
[EventDate "2010.07.05"]

1. e4 c5 2. c3 d5 3. exd5 Qxd5 4. d4 Nf6 5. Nf3 Bg4 6. Be2 Nc6 7. O-O e6 8. Na3
a6 9. Nc2 cxd4 10. cxd4 Qd6 11. Ne3 Bh5 12. Qb3 Qb4 13. Qd1 Rd8 14. Bd2 Qb6 15.
Bc3 Be7 16. Qa4 O-O 17. Rfd1 Qa7 18. d5 Nxd5 19. Nxd5 exd5 20. g4 Bg6 21. Nd4
Bc5 22. Nxc6 bxc6 23. Be1 Rfe8 24. Qxa6 Qd7 25. Bf3 Be4 26. Qe2 Bf5 27. Qf1
Bxg4 28. Bxg4 Qxg4+ 29. Qg2 Qf5 30. Kh1 Rd6 31. f3 Rg6 32. Bg3 h5 33. h4 Bd6
34. f4 Re3 0-1

[Event "63 Argentino Superior Femenino 2010"]
[Site "Buenos Aires"]
[Date "2010.07.07"]
[Round "3.4"]
[White "Fernandez, Maria Florencia"]
[Black "Amed, Stephanie"]
[Result "1-0"]
[WhiteElo "2106"]
[BlackElo "2208"]
[PlyCount "47"]
[EventDate "2010.07.05"]

1. d4 Nf6 2. c4 g6 3. Nc3 Bg7 4. e4 d6 5. f3 O-O 6. Be3 a6 7. Qd2 c6 8. Nge2 b5
9. g4 b4 10. Na4 Qa5 11. b3 Nbd7 12. h4 c5 13. Bg2 cxd4 14. Bxd4 Nc5 15. e5
Nfd7 16. exd6 exd6 17. Bxg7 Kxg7 18. h5 Nf6 19. Qd4 Ncd7 20. f4 Rb8 21. g5 Re8
22. Bc6 Bb7 23. Bxd7 Bxh1 24. Qxf6+ 1-0

[Event "63 Argentino Superior Femenino 2010"]
[Site "Buenos Aires"]
[Date "2010.07.07"]
[Round "3.5"]
[White "Martinez, Ayelen"]
[Black "Sanseverino, Victoria"]
[Result "1-0"]
[WhiteElo "2010"]
[BlackElo "1766"]
[PlyCount "65"]
[EventDate "2010.07.05"]

1. e4 Nf6 2. e5 Nd5 3. d4 d6 4. c4 Nb6 5. f4 dxe5 6. fxe5 Nc6 7. Be3 Bf5 8. Nf3
Bg4 9. Nbd2 e6 10. h3 Bxf3 11. Nxf3 Qd7 12. Be2 Bb4+ 13. Kf2 Be7 14. Qc2 f6 15.
Rad1 O-O-O 16. a3 Qe8 17. b4 fxe5 18. dxe5 Qf7 19. Qe4 g5 20. b5 Na5 21. Rhf1
Na4 22. Qc2 Nc5 23. Kg1 g4 24. Ng5 Qg7 25. Qc3 gxh3 26. Bg4 Bxg5 27. Bxc5 Nxc4
28. Qxc4 Be3+ 29. Bxe3 hxg2 30. Rxd8+ Rxd8 31. Rf7 Rd1+ 32. Kxg2 Rc1 33. Qxe6+
1-0

[Event "63 Argentino Superior Femenino 2010"]
[Site "Buenos Aires"]
[Date "2010.07.07"]
[Round "3.8"]
[White "Parma, Pamela"]
[Black "Zuriel, Marisa"]
[Result "0-1"]
[WhiteElo "1874"]
[BlackElo "2205"]
[PlyCount "88"]
[EventDate "2010.07.05"]

1. e4 g6 2. d4 Bg7 3. Nf3 c6 4. c4 d5 5. Nc3 dxe4 6. Nxe4 Bg4 7. Be3 Bxf3 8.
Qxf3 Bxd4 9. O-O-O Bxe3+ 10. Qxe3 Nd7 11. c5 Qc7 12. Nd6+ Kf8 13. Ne4 h6 14.
Bc4 Ngf6 15. Nxf6 Nxf6 16. Rhe1 Kg7 17. Bb3 Rae8 18. h4 h5 19. g3 Rhf8 20. Qg5
Nh7 21. Qe3 Nf6 22. Rd4 e6 23. Qc3 Kh7 24. Qf3 Nd5 25. Bc2 f5 26. g4 fxg4 27.
Qe4 Qf4+ 28. Qxf4 Rxf4 29. Rd2 Kg7 30. Re5 Rf6 31. Rde2 Nf4 32. Rd2 Re7 33. Bb3
Rf5 34. Re3 Rxc5+ 35. Kd1 Rf5 36. Rd6 Rf6 37. Re5 Kf7 38. Rg5 Ng2 39. Rd8 Nxh4
40. Rh8 Nf3 41. Rh7+ Ke8 42. Rh8+ Kd7 43. Ra5 a6 44. Rb8 Kc7 0-1

[Event "63 Argentino Superior Femenino 2010"]
[Site "Buenos Aires"]
[Date "2010.07.07"]
[Round "3.9"]
[White "Zalimben, Maria Luz"]
[Black "Denon, Nicole"]
[Result "1-0"]
[WhiteElo "1673"]
[BlackElo "1671"]
[PlyCount "101"]
[EventDate "2010.07.05"]

1. d4 Nf6 2. Nf3 c5 3. d5 d6 4. c4 g6 5. Nc3 Bg7 6. e4 O-O 7. Be2 Nbd7 8. O-O
a6 9. a4 Qc7 10. Bf4 Ng4 11. h3 Nge5 12. Nxe5 Nxe5 13. Qd2 b6 14. Bh6 Bb7 15.
Bxg7 Kxg7 16. f4 Nd7 17. Qe3 e6 18. Qg3 exd5 19. cxd5 Nf6 20. Bf3 Rae8 21. Rae1
Nd7 22. h4 Re7 23. Qg5 Rfe8 24. h5 h6 25. Qh4 Nf6 26. hxg6 fxg6 27. Re2 Nxd5
28. exd5 Rxe2 29. Bxe2 Qf7 30. Bf3 Rf8 31. Be4 g5 32. Qg4 Bc8 33. f5 Qf6 34.
Kh1 h5 35. Qf3 g4 36. Qf2 Qg5 37. Qf4 Qh4+ 38. Qh2 Qg5 39. Qxd6 g3 40. Qe5+ Kh6
41. Qf4 Qxf4 42. Rxf4 Kg5 43. Rf3 h4 44. d6 h3 45. gxh3 Kh4 46. Kg2 Rg8 47.
Rf4+ Kh5 48. Bd5 Rg5 49. Be6 Bb7+ 50. Nd5 Bxd5+ 51. Bxd5 1-0

[Event "63 Argentino Superior Femenino 2010"]
[Site "Buenos Aires"]
[Date "2010.07.08"]
[Round "4.1"]
[White "Justo, Virginia"]
[Black "Plazaola, Maria De Los Angeles"]
[Result "1/2-1/2"]
[WhiteElo "2110"]
[BlackElo "2185"]
[PlyCount "124"]
[EventDate "2010.07.05"]

1. e4 c5 2. Nf3 Nc6 3. d4 cxd4 4. Nxd4 e5 5. Nb5 d6 6. c4 Be6 7. N1c3 a6 8. Na3
f5 9. exf5 Bxf5 10. Bd3 Bxd3 11. Qxd3 Nf6 12. O-O Be7 13. Nc2 O-O 14. Bg5 Rc8
15. Rad1 Kh8 16. Bxf6 Rxf6 17. Ne4 Rg6 18. b3 Qf8 19. Rd2 Qf4 20. Qe3 Qh4 21.
Rfd1 Rf8 22. Rd3 Qg4 23. Ng3 Nd8 24. Qe2 Qxe2 25. Nxe2 Ne6 26. Ne3 Nc5 27. Rd5
Ne4 28. Rf1 Bd8 29. Ng3 Nxg3 30. hxg3 Bb6 31. Re1 Rgf6 32. f3 g5 33. b4 Bd4 34.
c5 dxc5 35. bxc5 g4 36. f4 Bxe3+ 37. Rxe3 exf4 38. gxf4 Rxf4 39. Rde5 R8f7 40.
a3 h6 41. Kh2 Kg7 42. Kg3 Kg6 43. Re6+ Kg5 44. c6 bxc6 45. Rxc6 a5 46. Ree6 Rd4
47. Re5+ Rf5 48. Rxf5+ Kxf5 49. Rc5+ Kg6 50. Rxa5 h5 51. Kh4 Rd6 52. Rg5+ Kf6
53. Kxh5 Rd3 54. a4 Rd8 55. Kxg4 Rd4+ 56. Kh5 Rxa4 57. Rg6+ Kf7 58. Rh6 Kg8 59.
g4 Ra7 60. g5 Rc7 61. Kg4 Ra7 62. Kf5 Ra5+ 1/2-1/2

[Event "63 Argentino Superior Femenino 2010"]
[Site "Buenos Aires"]
[Date "2010.07.08"]
[Round "4.2"]
[White "Nejanky, Maisa"]
[Black "Fernandez, Maria Florencia"]
[Result "1/2-1/2"]
[WhiteElo "2057"]
[BlackElo "2106"]
[PlyCount "79"]
[EventDate "2010.07.05"]

1. e4 g6 2. d4 Bg7 3. Nc3 c5 4. Be3 Nc6 5. d5 Nb8 6. Bxc5 d6 7. Be3 Nf6 8. h3
O-O 9. Qd2 a6 10. Bh6 b5 11. Bxg7 Kxg7 12. Bd3 Nbd7 13. f4 Nc5 14. b4 Ncd7 15.
Nf3 Nb6 16. h4 Bd7 17. a4 Nc4 18. Bxc4 bxc4 19. e5 Ne8 20. Qd4 Kg8 21. O-O Ng7
22. Qxc4 Rc8 23. Qb3 Qc7 24. Ra3 Nf5 25. Rf2 Qc4 26. g4 Qxf4 27. Ne2 Qe4 28.
gxf5 Qxf5 29. Ned4 Qh3 30. Rh2 Qg4+ 31. Rg2 Qe4 32. Qe3 Qxd5 33. Qh6 f6 34.
exf6 exf6 35. Rxg6+ hxg6 36. Qxg6+ Kh8 37. Qh6+ Kg8 38. Qg6+ Kh8 39. Qh6+ Kg8
40. Qg6+ 1/2-1/2

[Event "63 Argentino Superior Femenino 2010"]
[Site "Buenos Aires"]
[Date "2010.07.08"]
[Round "4.3"]
[White "Martyniuk, Carolina Milka"]
[Black "Malajovich, Sandra"]
[Result "1-0"]
[WhiteElo "1986"]
[BlackElo "2098"]
[PlyCount "77"]
[EventDate "2010.07.05"]

1. c4 Nf6 2. Nc3 g6 3. g3 d5 4. cxd5 Nxd5 5. Bg2 Nxc3 6. bxc3 Bg7 7. Rb1 c6 8.
Nf3 Qa5 9. Qb3 b6 10. Nd4 Bxd4 11. cxd4 Be6 12. Qc2 O-O 13. Bb2 Qxa2 14. O-O
Qc4 15. Qxc4 Bxc4 16. Rfc1 Bxe2 17. d5 Na6 18. dxc6 Rac8 19. d4 e6 20. Ba3 Rfd8
21. Rb2 Bd3 22. Rd2 Bb5 23. d5 exd5 24. Rxd5 Rxd5 25. Bxd5 Nc7 26. Bg2 Ne6 27.
Bb2 h6 28. Be5 Nc5 29. Rd1 f6 30. c7 Ba6 31. Rd8+ Kg7 32. Bd6 f5 33. Bd5 g5 34.
h4 gxh4 35. gxh4 Kf6 36. f4 Ne6 37. Rd7 Rg8+ 38. Kf2 Re8 39. h5 1-0